LEADER 02356nam 2200373 n 450 001 996389302503316 005 20200824121617.0 035 $a(CKB)1000000000642242 035 $a(EEBO)2240926190 035 $a(UnM)99844232e 035 $a(UnM)99844232 035 $a(EXLCZ)991000000000642242 100 $a19910819d1632 uy | 101 0 $aeng 135 $aurbn||||a|bb| 200 04$aThe totall discourse, of the rare aduentures, and painefull peregrinations of long nineteene yeares trauayles, from Scotland, to the most famous kingdomes in Europe, Asia, and Affrica$b[electronic resource] $ePerfited by three deare bought voyages, in surueighing of forty eight kingdomes ancient and moderne; twenty one rei-publickes, ten absolute principalities, with two hundred ilands. ... diuided in three bookes; two whereof, neuer heretofore published. ... Together with the grieuous tortures he suffered, by the Inquisition of Malaga in Spaine, his miraculous discouery and deliuery thence: and of his last and late returne from the northerne iles. By William Lithgovv 210 $aImprinted at London $cBy Nicholas Okes, and are to be sold by Nicholas Fussell and Humphery Mosley at their shops in Pauls Church yard, at the Ball, and the white Lyon$d1632 215 $a[16], 507, [5] p. $cill 300 $aA revised and enlarged edition, with a new dedication and prologue, of: A most delectable, and true discourse, of an admired and painefull peregrination from Scotland, to the most famous kingdomes in Europe, Asia and Affricke. 300 $aRunning title reads: The 19. yeares trauels of William Lithgow, by 3. voyages in Europe, Asia, and Affrica. 300 $aA variant of the edition without booksellers' names in the imprint. 300 $aReproduction of the original in the British Library. 330 $aeebo-0018 606 $aVoyages and travels$vEarly works to 1800 615 0$aVoyages and travels 700 $aLithgow$b William$f1582-1645?$01001006 801 0$bCu-RivES 801 1$bCu-RivES 801 2$bCStRLIN 801 2$bWaOLN 906 $aBOOK 912 $a996389302503316 996 $aThe totall discourse, of the rare aduentures, and painefull peregrinations of long nineteene yeares trauayles, from Scotland, to the most famous kingdomes in Europe, Asia, and Affrica$92335019 997 $aUNISA LEADER 03563nam 22009133u 450 001 9910957662003321 005 20251117082432.0 010 $a9786612437120 010 $a9781282437128 010 $a1282437127 010 $a9781408134252 010 $a140813425X 035 $a(CKB)2550000000016489 035 $a(EBL)655399 035 $a(OCoLC)727648213 035 $a(SSID)ssj0000672100 035 $a(PQKBManifestationID)11403188 035 $a(PQKBTitleCode)TC0000672100 035 $a(PQKBWorkID)10624659 035 $a(PQKB)10130599 035 $a(SSID)ssj0001190996 035 $a(PQKBManifestationID)11772967 035 $a(PQKBTitleCode)TC0001190996 035 $a(PQKBWorkID)11217325 035 $a(PQKB)10260767 035 $a(MiAaPQ)EBC655399 035 $a(MiAaPQ)EBC320267 035 $a(Perlego)814971 035 $a(EXLCZ)992550000000016489 100 $a20130418d2009|||| u|| | 101 0 $aeng 135 $aur|n|---||||| 181 $ctxt 182 $cc 183 $acr 200 10$aAssert Yourself $eHow to Find Your Voice and Make Your Mark 205 $aRev. ed. 210 $aLondon $cA&C Black$d2009 215 $a1 online resource (103 p.) 225 1 $aSteps to Success 300 $aDescription based upon print version of record. 311 08$a9781408111970 311 08$a1408111977 320 $aIncludes bibliographical references. 327 $aCover Page; Title Page; Copyright Page; Table of Contents; How assertive are you?; 1 Communicating assertively at work; 2 Developing presence; 3 Building confidence at work; 4 Managing others' perceptions; 5 Using non-verbal communication; 6 Dealing with stressful relationships and bullying; 7 Improving leadership skills; 8 Negotiating the pay rise you deserve; Where to find more help 330 $aDo you find it hard to say 'no'? Are you tongue-tied in important meetings? Assert Yourself will help you find your voice and stand up for yourself without appearing aggressive. Full of practical advice on how to change the way you work and live for the better, the book contains a self-assessment quiz, step-by-step guidance, top tips, common mistakes and advice on how to avoid them, summaries of key points, and lists of handy books and websites. Full of practical, step-by-step advice on how to boost your self confidence and deal with others assertively without appearing aggressive, Assert Your 410 0$aSteps to Success 517 $aSteps to success 531 $aBALANCE YOUR LIFE AND WORK 531 $aASSERT YOURSELF 606 $aAssertiveness (Psychology) 606 $aCommunication 606 $aInterpersonal communication 606 $aSocial Sciences$2HILCC 606 $aCommerce$2HILCC 606 $aBusiness & Economics$2HILCC 606 $aPsychology$2HILCC 606 $aVocational Guidance$2HILCC 606 $aLabor & Workers' Economics$2HILCC 615 4$aAssertiveness (Psychology). 615 4$aCommunication. 615 4$aInterpersonal communication. 615 7$aSocial Sciences 615 7$aCommerce 615 7$aBusiness & Economics 615 7$aPsychology 615 7$aVocational Guidance 615 7$aLabor & Workers' Economics 676 $a158/.2 676 $a650.1 700 $aPublishing$b Bloomsbury$01898546 712 02$aebrary, Inc., 801 0$bAU-PeEL 801 1$bAU-PeEL 801 2$bAU-PeEL 906 $aBOOK 912 $a9910957662003321 996 $aAssert Yourself$94556319 997 $aUNINA